000 00851nas a2200289 4500
001 BR2015001672
003 BR-BrBNA
005 20231205125130.0
007 ta
008 230509b bl.|||p| |||| 00| 00por d
040 _aBR-BrBNA
_bpor
_cBiblioteca Nacional de Agricultura
041 _a(En)
072 _aF30
100 1 _aMissio, R.F.
100 1 _aCaixeta, E.T.
100 1 _aZambolim, E.M.
100 1 _aZambolim, L.
100 1 _aCruz, C.D.
100 1 _aSakiyama, N.S.
245 1 _aPolymorphic information content of SSR markers for Coffea spp.
650 _aCAFÉ ARÁBICA
650 _aMARCADOR MOLECULAR
650 _aGENOMA
773 0 _tCrop Breeding and Applied Biotechnology (Brazil)
_xISSN 1518-7853
_g(Mar 2010), v. 10(1) p. 89-94
_wBR2015001672
909 _a202311
_bLúcia
_c55
_dLúcia Elande
942 _2AGRIS
_n0
_cANA
999 _c242817
_d242817